| 000 | 00552nmm a22001817a 4500 | ||
|---|---|---|---|
| 003 | OSt | ||
| 005 | 20240430103619.0 | ||
| 006 | eBook | ||
| 008 | 240430b |||||||| |||| 00| 0 eng d | ||
| 040 | _cMRSPTU | ||
| 100 | _aBandyopadhyay, Samir Kumar | ||
| 245 | _aData Structures Using C | ||
| 250 | _a1st | ||
| 260 |
_aNew Delhi _bPearson _c2008 |
||
| 600 | _2Computer Science | ||
| 856 |
_3Click here to access the e-book _uhttps://ebookcentral.proquest.com/lib/gzsptuc/detail.action?docID=5124908&query=Data+Structures+Using+C |
||
| 942 |
_2ddc _cEB _n1 |
||
| 999 |
_c10165 _d10165 |
||